[Event "Zanosh 2 IM"]
[Site "Zanosh 2 IM"]
[Date "2013.10.21"]
[Round "1.2"]
[White "Rudakov, Aleksandr"]
[Black "Kayar, Mehmet Erdem"]
[Result "1-0"]
[WhiteElo "2262"]
[BlackElo "2003"]
[PlyCount "121"]
[EventDate "2013.10.21"]

1. e4 c6 2. d4 d5 3. Nc3 dxe4 4. Nxe4 Bf5 5. Ng3 Bg6 6. h4 h6 7. Nf3 Nd7 8. h5
Bh7 9. Bd3 Bxd3 10. Qxd3 e6 11. Bd2 Ngf6 12. O-O-O Be7 13. Qe2 c5 14. Rh4 Qb6
15. dxc5 Nxc5 16. Ne5 Qa6 17. Qxa6 Nxa6 18. Rc4 O-O 19. Be3 Nd5 20. Nf5 Bg5 21.
Bxg5 hxg5 22. Nd6 b6 23. g3 Nc5 24. Nc6 Nf6 25. f4 gxf4 26. Rxf4 Nd5 27. Rf3 a5
28. g4 a4 29. c4 Nf6 30. g5 Nxh5 31. Ne7+ Kh7 32. Nxf7 g6 33. Nc6 Kg7 34. Nce5
Ra7 35. Nd6 Rxf3 36. Nxf3 Ra8 37. Kc2 Rf8 38. Ne5 Ng3 39. Kc3 Nge4+ 40. Nxe4
Nxe4+ 41. Kb4 Nxg5 42. Kxa4 Ra8+ 43. Kb3 Ne4 44. a3 g5 45. Kb4 Nc5 46. Rd6 Kf6
47. Ng4+ Kf5 48. Nh6+ Kg6 49. Rxb6 Kxh6 50. Kxc5 Kh5 51. Rxe6 g4 52. Kd5 g3 53.
c5 Rf8 54. Re1 Kg4 55. c6 Rd8+ 56. Kc5 Kf3 57. Rg1 Rd2 58. b4 Ra2 59. c7 Rxa3
60. Kb6 Rc3 61. Kb7 1-0

[Event "Zanosh 2 IM"]
[Site "Zanosh 2 IM"]
[Date "2013.10.21"]
[Round "1.3"]
[White "Cengija, Vanja"]
[Black "Lukajic, Bojan"]
[Result "1/2-1/2"]
[WhiteElo "2236"]
[BlackElo "2167"]
[PlyCount "52"]
[EventDate "2013.10.21"]

1. d4 Nf6 2. Nc3 d5 3. Bf4 Bf5 4. f3 e6 5. g4 Bg6 6. h4 h6 7. Qd2 c5 8. Nb5 Na6
9. e3 cxd4 10. exd4 Bb4 11. c3 Be7 12. Bd3 Bxd3 13. Qxd3 Nd7 14. O-O-O Rc8 15.
Bd6 Qa5 16. Kb1 Rc4 17. Bxe7 Kxe7 18. Na3 Ra4 19. Ne2 Rc8 20. Rhe1 b5 21. Nf4
b4 22. cxb4 Nxb4 23. Qb5 Rxa3 24. Qxb4+ Qxb4 25. Nxd5+ Kd6 26. Nxb4 Rxf3
1/2-1/2

[Event "Zanosh 2 IM"]
[Site "Zanosh 2 IM"]
[Date "2013.10.21"]
[Round "1.4"]
[White "Drazic, Sinisa"]
[Black "Abolianin, Arthur"]
[Result "1/2-1/2"]
[WhiteElo "2472"]
[BlackElo "2367"]
[PlyCount "22"]
[EventDate "2013.10.21"]

1. Nf3 d5 2. c4 c6 3. b3 Bg4 4. Bb2 Nd7 5. e3 Ngf6 6. h3 Bh5 7. Be2 e6 8. O-O
h6 9. Nc3 Be7 10. cxd5 cxd5 11. Re1 O-O 1/2-1/2

[Event "Zanosh 2 IM"]
[Site "Zanosh 2 IM"]
[Date "2013.10.21"]
[Round "1.5"]
[White "Marholev, Dimitar"]
[Black "Zlatanovic, Boroljub"]
[Result "0-1"]
[WhiteElo "2320"]
[BlackElo "2405"]
[PlyCount "64"]
[EventDate "2013.10.21"]

1. e4 g6 2. d4 d6 3. Nc3 Bg7 4. Be3 c6 5. Qd2 Nd7 6. f3 b5 7. h4 h5 8. Bd3 Nb6
9. Nh3 Nc4 10. Bxc4 bxc4 11. O-O-O Rb8 12. Kb1 Qb6 13. Na4 Qa6 14. Nc3 Qa3 15.
b3 c5 16. Ng5 cxb3 17. cxb3 c4 18. Qb2 Qa5 19. Nd5 Nf6 20. Nxf6+ Bxf6 21. Bd2
Qb6 22. Bc3 cxb3 23. axb3 O-O 24. Ka2 Bd7 25. e5 Bxg5 26. hxg5 dxe5 27. d5 Rfc8
28. Bxe5 Qa6+ 29. Qa3 Rc2+ 30. Bb2 Rb6 31. Qxa6 Rxa6+ 32. Kb1 Rxg2 0-1

[Event "Zanosh 2 IM"]
[Site "Zanosh 2 IM"]
[Date "2013.10.22"]
[Round "2.1"]
[White "Kostic, Vladimir G"]
[Black "Zlatanovic, Boroljub"]
[Result "1/2-1/2"]
[WhiteElo "2436"]
[BlackElo "2405"]
[PlyCount "22"]
[EventDate "2013.10.21"]

1. e4 g6 2. Nc3 Bg7 3. f4 d6 4. Nf3 Bg4 5. h3 Bxf3 6. Qxf3 Nc6 7. Bb5 a6 8.
Bxc6+ bxc6 9. Ne2 Rb8 10. O-O d5 11. exd5 cxd5 1/2-1/2

[Event "Zanosh 2 IM"]
[Site "Zanosh 2 IM"]
[Date "2013.10.22"]
[Round "2.2"]
[White "Abolianin, Arthur"]
[Black "Marholev, Dimitar"]
[Result "1/2-1/2"]
[WhiteElo "2367"]
[BlackElo "2320"]
[PlyCount "37"]
[EventDate "2013.10.21"]

1. d4 Nf6 2. Bg5 e6 3. Nd2 c5 4. dxc5 Bxc5 5. e3 Nc6 6. Ngf3 d5 7. Bd3 h6 8.
Bh4 O-O 9. O-O Be7 10. c4 Nd7 11. Bxe7 Nxe7 12. cxd5 Nxd5 13. Rc1 N7f6 14. Ne5
b6 15. Qf3 Bb7 16. Rfd1 Rc8 17. a3 Rxc1 18. Rxc1 Nd7 19. Nxd7 1/2-1/2

[Event "Zanosh 2 IM"]
[Site "Zanosh 2 IM"]
[Date "2013.10.22"]
[Round "2.3"]
[White "Lukajic, Bojan"]
[Black "Drazic, Sinisa"]
[Result "1/2-1/2"]
[WhiteElo "2167"]
[BlackElo "2472"]
[PlyCount "29"]
[EventDate "2013.10.21"]

1. e4 c6 2. d4 Na6 3. Nc3 Nc7 4. Be3 d5 5. Nf3 a6 6. e5 Bf5 7. Bd3 Bxd3 8. Qxd3
e6 9. O-O-O Ne7 10. g4 h5 11. h3 Nb5 12. Kb1 Nxc3+ 13. Qxc3 Qc7 14. Ng5 g6 15.
f4 1/2-1/2

[Event "Zanosh 2 IM"]
[Site "Zanosh 2 IM"]
[Date "2013.10.22"]
[Round "2.4"]
[White "Kayar, Mehmet Erdem"]
[Black "Cengija, Vanja"]
[Result "0-1"]
[WhiteElo "2003"]
[BlackElo "2236"]
[PlyCount "76"]
[EventDate "2013.10.21"]

1. e4 Nf6 2. e5 Nd5 3. d4 d6 4. Nf3 dxe5 5. Nxe5 c6 6. Bd3 g6 7. O-O Bg7 8. Re1
O-O 9. c3 Nd7 10. Bg5 N7b6 11. Bh4 a5 12. Nd2 Be6 13. Ne4 Nf4 14. Bf1 Nbd5 15.
Nc5 Bc8 16. Qb3 Qc7 17. Bg3 Nh5 18. Bc4 Nxg3 19. hxg3 e6 20. a4 b6 21. Ncd3 Rd8
22. f4 Bb7 23. Re2 Rab8 24. Rae1 Bf8 25. g4 c5 26. f5 cxd4 27. Nxf7 Qxf7 28.
Rxe6 Rd6 29. Rxd6 Bxd6 30. Re6 Rd8 31. Kh1 Bc7 32. Nc5 gxf5 33. Re1 Bc8 34.
Bxd5 Rxd5 35. Re8+ Qxe8 36. Qxd5+ Kh8 37. Nd3 Qd7 38. Nf4 Bxf4 0-1

[Event "Zanosh 2 IM"]
[Site "Zanosh 2 IM"]
[Date "2013.10.22"]
[Round "2.5"]
[White "Petkovic, Radosav"]
[Black "Rudakov, Aleksandr"]
[Result "1/2-1/2"]
[WhiteElo "2260"]
[BlackElo "2262"]
[PlyCount "34"]
[EventDate "2013.10.21"]

1. e4 e6 2. d4 d5 3. Nd2 Nf6 4. e5 Nfd7 5. Bd3 c5 6. c3 Nc6 7. Ne2 cxd4 8. cxd4
f6 9. exf6 Nxf6 10. Nf3 Bd6 11. O-O O-O 12. Bf4 Bxf4 13. Nxf4 Ne4 14. Qc1 Ng5
15. Nxg5 Qxg5 16. Ne2 Qf6 17. Qe3 e5 1/2-1/2

[Event "Zanosh 2 IM"]
[Site "Zanosh 2 IM"]
[Date "2013.10.23"]
[Round "3.2"]
[White "Cengija, Vanja"]
[Black "Petkovic, Radosav"]
[Result "1-0"]
[WhiteElo "2236"]
[BlackElo "2260"]
[PlyCount "67"]
[EventDate "2013.10.21"]

1. d4 Nf6 2. c4 g6 3. Nc3 Bg7 4. Nf3 d6 5. Bg5 h6 6. Bh4 O-O 7. e3 g5 8. Bg3
Nh5 9. Nd2 Nxg3 10. hxg3 f5 11. Qb3 e6 12. Be2 Qe7 13. g4 f4 14. Bf3 Nd7 15.
O-O-O c5 16. Nde4 cxd4 17. exd4 Rd8 18. Rhe1 Nf8 19. d5 Kh8 20. c5 dxc5 21. d6
Qf7 22. Nxc5 Bd7 23. Bxb7 Rab8 24. Qc4 Be8 25. Qe4 e5 26. Ba6 Rb6 27. Bc4 Qg6
28. Qd5 Qh7 29. N3e4 Bc6 30. Qf7 Be8 31. Qc7 Rbb8 32. Qxa7 Bg6 33. d7 Bxe4 34.
Nxe4 1-0

[Event "Zanosh 2 IM"]
[Site "Zanosh 2 IM"]
[Date "2013.10.23"]
[Round "3.3"]
[White "Drazic, Sinisa"]
[Black "Kayar, Mehmet Erdem"]
[Result "1-0"]
[WhiteElo "2472"]
[BlackElo "2003"]
[PlyCount "71"]
[EventDate "2013.10.21"]

1. e4 c5 2. Nf3 g6 3. c3 Bg7 4. Bc4 e6 5. Qe2 Ne7 6. O-O Nbc6 7. d3 d5 8. Bb3
O-O 9. Re1 b6 10. Nbd2 Ba6 11. e5 Rc8 12. Bc2 b5 13. Nb3 Na5 14. Bg5 Re8 15. d4
cxd4 16. cxd4 Nxb3 17. axb3 Qb6 18. Bd3 Nc6 19. h4 Na5 20. Ra2 Nc6 21. Bd2 Re7
22. Rea1 Bb7 23. Qe3 f6 24. Ba5 Nxa5 25. Rxa5 fxe5 26. Nxe5 Bxe5 27. Qxe5 Rc1+
28. Rxc1 Qxa5 29. Qg5 Rg7 30. Qe5 Rf7 31. Rc2 Qa1+ 32. Bf1 Qb1 33. Re2 b4 34.
Qxe6 Qa1 35. h5 Qa5 36. Re3 1-0

[Event "Zanosh 2 IM"]
[Site "Zanosh 2 IM"]
[Date "2013.10.23"]
[Round "3.4"]
[White "Marholev, Dimitar"]
[Black "Lukajic, Bojan"]
[Result "0-1"]
[WhiteElo "2320"]
[BlackElo "2167"]
[PlyCount "72"]
[EventDate "2013.10.21"]

1. g3 Nf6 2. Bg2 g6 3. d4 Bg7 4. e4 d6 5. Ne2 O-O 6. O-O e5 7. h3 exd4 8. Nxd4
Re8 9. Nc3 Nbd7 10. a4 Nc5 11. Re1 h6 12. a5 a6 13. b3 Ne6 14. Nxe6 Bxe6 15.
Bb2 Qd7 16. g4 g5 17. Qd2 Nh7 18. Rad1 h5 19. f3 Be5 20. Na4 Bg3 21. Qc3 f6 22.
Re2 hxg4 23. hxg4 Qg7 24. Qb4 Nf8 25. Qxb7 Ng6 26. Bc1 Rab8 27. Qxa6 Re7 28.
Be3 Qh6 29. Qa7 Rbe8 30. Bf2 Bh2+ 31. Kf1 Nf4 32. Red2 Nh3 33. Bxh3 Qxh3+ 34.
Ke2 Bxg4 35. fxg4 Qxg4+ 36. Kd3 Qxe4+ 0-1

[Event "Zanosh 2 IM"]
[Site "Zanosh 2 IM"]
[Date "2013.10.23"]
[Round "3.5"]
[White "Zlatanovic, Boroljub"]
[Black "Abolianin, Arthur"]
[Result "1-0"]
[WhiteElo "2405"]
[BlackElo "2367"]
[PlyCount "25"]
[EventDate "2013.10.21"]

1. Nc3 d5 2. e4 e6 3. Nf3 c5 4. d4 cxd4 5. Nxd4 e5 6. Nf3 d4 7. Nxe5 dxc3 8.
Qxd8+ Kxd8 9. Nxf7+ Ke8 10. Nxh8 Bb4 11. b3 Be6 12. f4 Nf6 13. f5 1-0

[Event "Zanosh 2 IM"]
[Site "Zanosh 2 IM"]
[Date "2013.10.23"]
[Round "4.1"]
[White "Kostic, Vladimir G"]
[Black "Abolianin, Arthur"]
[Result "1/2-1/2"]
[WhiteElo "2436"]
[BlackElo "2367"]
[PlyCount "26"]
[EventDate "2013.10.21"]

1. d4 d5 2. Bf4 Nf6 3. e3 Bf5 4. c4 c6 5. f3 e6 6. Qb3 Qb6 7. c5 Qxb3 8. axb3
Nbd7 9. b4 Bxb1 10. Rxb1 a6 11. g4 Be7 12. Bd3 O-O 13. Ne2 Ne8 1/2-1/2

[Event "Zanosh 2 IM"]
[Site "Zanosh 2 IM"]
[Date "2013.10.23"]
[Round "4.2"]
[White "Lukajic, Bojan"]
[Black "Zlatanovic, Boroljub"]
[Result "0-1"]
[WhiteElo "2167"]
[BlackElo "2405"]
[PlyCount "42"]
[EventDate "2013.10.21"]

1. e4 e6 2. d4 d5 3. e5 b6 4. a4 c5 5. c3 Ne7 6. a5 Nec6 7. axb6 Qxb6 8. Nf3 a5
9. g3 h6 10. Bg2 Ba6 11. Na3 cxd4 12. cxd4 Bb4+ 13. Bd2 Nxd4 14. Bc3 Nxf3+ 15.
Qxf3 Nc6 16. Kd1 Bxc3 17. Qxc3 Rc8 18. Nc2 Qxf2 19. Qd2 Qb6 20. Ne3 O-O 21. Bf1
Qb3+ 0-1

[Event "Zanosh 2 IM"]
[Site "Zanosh 2 IM"]
[Date "2013.10.23"]
[Round "4.3"]
[White "Kayar, Mehmet Erdem"]
[Black "Marholev, Dimitar"]
[Result "1/2-1/2"]
[WhiteElo "2003"]
[BlackElo "2320"]
[PlyCount "44"]
[EventDate "2013.10.21"]

1. e4 e5 2. f4 exf4 3. Nf3 Be7 4. Bc4 Nf6 5. d3 d5 6. exd5 Nxd5 7. Bxd5 Qxd5 8.
Bxf4 O-O 9. Nc3 Qa5 10. O-O Nc6 11. Qd2 Be6 12. a3 Bd6 13. Bxd6 cxd6 14. d4 Bg4
15. b4 Qh5 16. Rae1 Rae8 17. Ne2 Bxf3 18. Rxf3 Qh4 19. c3 Qe4 20. Kf2 Qh4+ 21.
Kg1 Qe4 22. Kf2 Qh4+ 1/2-1/2

[Event "Zanosh 2 IM"]
[Site "Zanosh 2 IM"]
[Date "2013.10.23"]
[Round "4.4"]
[White "Petkovic, Radosav"]
[Black "Drazic, Sinisa"]
[Result "1/2-1/2"]
[WhiteElo "2260"]
[BlackElo "2472"]
[PlyCount "20"]
[EventDate "2013.10.21"]

1. e4 c5 2. Nf3 e6 3. d4 cxd4 4. Nxd4 a6 5. c4 d6 6. Nc3 Nf6 7. Be3 Nbd7 8. Be2
Nc5 9. Bf3 e5 10. Nc2 Bd7 1/2-1/2

[Event "Zanosh 2 IM"]
[Site "Zanosh 2 IM"]
[Date "2013.10.23"]
[Round "4.5"]
[White "Rudakov, Aleksandr"]
[Black "Cengija, Vanja"]
[Result "1-0"]
[WhiteElo "2262"]
[BlackElo "2236"]
[PlyCount "91"]
[EventDate "2013.10.21"]

1. e4 e6 2. d4 b6 3. Nf3 Bb7 4. Bd3 c5 5. c3 Nf6 6. Qe2 Be7 7. O-O Qc7 8. e5
Nd5 9. a3 Qd8 10. c4 Nc7 11. dxc5 bxc5 12. Nc3 O-O 13. Ne4 f5 14. exf6 gxf6 15.
Qe3 d6 16. Ng3 Rf7 17. b4 Nd7 18. Bb2 f5 19. Qe2 Bf6 20. Bxf6 Qxf6 21. Nd2 Rg7
22. Nb3 cxb4 23. axb4 Qh4 24. Na5 Bxg2 25. Kxg2 f4 26. Nc6 Nf6 27. Rxa7 Rxa7
28. Nxa7 Ng4 29. Rh1 Ne5 30. Be4 Nf7 31. Kf1 fxg3 32. hxg3 Qf6 33. Kg2 Ng5 34.
Nc6 d5 35. Bd3 Nf7 36. Qf3 Qb2 37. Bxh7+ Kf8 38. Bd3 Ke8 39. Rb1 Qc3 40. Be2
Qc2 41. Qf6 Kf8 42. Qe7+ Kg8 43. Re1 Ng5 44. Qd8+ Kh7 45. Rh1+ Kg6 46. Ne5+ 1-0

[Event "Zanosh 2 IM"]
[Site "Zanosh 2 IM"]
[Date "2013.10.24"]
[Round "5.1"]
[White "Cengija, Vanja"]
[Black "Kostic, Vladimir G"]
[Result "1/2-1/2"]
[WhiteElo "2236"]
[BlackElo "2436"]
[PlyCount "146"]
[EventDate "2013.10.21"]

1. d4 d5 2. Nf3 Nf6 3. c4 c6 4. Nc3 a6 5. e3 b5 6. cxd5 cxd5 7. Be2 e6 8. Ne5
Be7 9. O-O O-O 10. Bd3 Bb7 11. Bd2 Nbd7 12. Nxd7 Qxd7 13. Qb3 Rfc8 14. Rfc1 Bc6
15. Ne2 a5 16. Qd1 b4 17. Nf4 Ne4 18. Be1 g6 19. Bf1 Ba4 20. Qe2 Nd6 21. Nd3
Bb5 22. Qd1 Nc4 23. Qf3 Bd6 24. g3 f5 25. h4 Qb7 26. b3 Na3 27. Qd1 Be8 28.
Rxc8 Rxc8 29. Rc1 Rc7 30. Bd2 Nb5 31. Qe1 Na3 32. Qd1 Bb5 33. Rxc7 Qxc7 34. Bc1
Nb1 35. Bb2 Nc3 36. Bxc3 bxc3 37. Ne1 Be8 38. Qd3 a4 39. Nc2 axb3 40. axb3 h6
41. Qa6 Kg7 42. b4 g5 43. hxg5 hxg5 44. b5 f4 45. b6 Qd8 46. exf4 gxf4 47. b7
fxg3 48. fxg3 Bf7 49. Kg2 Bb8 50. Qc6 Qg5 51. Qxc3 Bg6 52. Ne1 Be4+ 53. Kf2
Qf6+ 54. Ke2 Qf7 55. Qc8 Bxg3 56. Qc3 Qf2+ 57. Kd1 Bf4 58. Bd3 Qg3 59. Kc2 Bh1
60. Kb3 Bb8 61. Kb4 Qd6+ 62. Qc5 Qd7 63. Qc8 Qd6+ 64. Kb5 Be4 65. Qc5 Qd7+ 66.
Qc6 Qxc6+ 67. Kxc6 Kf6 68. Bxe4 dxe4 69. Kd7 e3 70. Kc8 Ba7 71. b8=Q Bxb8 72.
Kxb8 Kf5 73. Kc7 Ke4 1/2-1/2

[Event "Zanosh 2 IM"]
[Site "Zanosh 2 IM"]
[Date "2013.10.24"]
[Round "5.3"]
[White "Marholev, Dimitar"]
[Black "Petkovic, Radosav"]
[Result "1-0"]
[WhiteElo "2320"]
[BlackElo "2260"]
[PlyCount "67"]
[EventDate "2013.10.21"]

1. e4 e5 2. Nf3 Nc6 3. Bb5 f5 4. Bxc6 dxc6 5. Nc3 Nf6 6. Qe2 fxe4 7. Nxe4 Bg4
8. O-O Bd6 9. h3 Bxf3 10. Qxf3 Nxe4 11. Qxe4 O-O 12. d3 Qd7 13. Bd2 Rf5 14.
Rae1 Raf8 15. f3 R8f6 16. Qc4+ Kh8 17. Re4 b5 18. Qc3 Rg6 19. Be3 Rf8 20. Kh2
a6 21. b3 h6 22. Qe1 Rf5 23. Bf2 Rfg5 24. g4 Rf6 25. Bh4 Rgg6 26. Bxf6 gxf6 27.
Kh1 c5 28. a4 Rg8 29. Qh4 Rg6 30. axb5 axb5 31. Qh5 Kh7 32. h4 Rg8 33. Qf5+
Qxf5 34. gxf5 1-0

[Event "Zanosh 2 IM"]
[Site "Zanosh 2 IM"]
[Date "2013.10.24"]
[Round "5.4"]
[White "Zlatanovic, Boroljub"]
[Black "Kayar, Mehmet Erdem"]
[Result "1-0"]
[WhiteElo "2405"]
[BlackElo "2003"]
[PlyCount "73"]
[EventDate "2013.10.21"]

1. c4 c5 2. Nc3 g6 3. g3 Nc6 4. Bg2 Bg7 5. e4 e5 6. Nge2 Nge7 7. O-O d6 8. d3
O-O 9. f4 exf4 10. Bxf4 a6 11. Qd2 Rb8 12. Bg5 f6 13. Be3 Ne5 14. h3 b5 15. b3
Bd7 16. cxb5 Qc8 17. Kh2 axb5 18. d4 cxd4 19. Nxd4 b4 20. Nce2 Qa6 21. Nf4 Rfc8
22. Rac1 Rc5 23. Nde6 Ra5 24. Nc7 Qb7 25. Qxd6 Rxa2 26. Qxe7 Qxe4 27. Nce6 Bf8
28. Qxf6 Qxe3 29. Nd5 Ng4+ 30. hxg4 Qxe6 31. Rf2 Rxf2 32. Qxf2 Bg7 33. Rc4 Rf8
34. Qd2 Bb5 35. Nc7 Qb6 36. Qd5+ Kh8 37. Qxb5 1-0

[Event "Zanosh 2 IM"]
[Site "Zanosh 2 IM"]
[Date "2013.10.24"]
[Round "6.1"]
[White "Kostic, Vladimir G"]
[Black "Lukajic, Bojan"]
[Result "1/2-1/2"]
[WhiteElo "2436"]
[BlackElo "2167"]
[PlyCount "36"]
[EventDate "2013.10.21"]

1. e4 c5 2. Nc3 e5 3. Bc4 d6 4. d3 Nf6 5. f4 exf4 6. Bxf4 Nc6 7. Nf3 Be7 8. O-O
O-O 9. a3 Be6 10. Nd5 Bxd5 11. exd5 Na5 12. Ba2 b5 13. c4 Qb6 14. b3 Rfe8 15.
Kh1 Bf8 16. Ng5 Re7 17. b4 Nb7 18. bxc5 Nxc5 1/2-1/2

[Event "Zanosh 2 IM"]
[Site "Zanosh 2 IM"]
[Date "2013.10.24"]
[Round "6.2"]
[White "Kayar, Mehmet Erdem"]
[Black "Abolianin, Arthur"]
[Result "0-1"]
[WhiteElo "2003"]
[BlackElo "2367"]
[PlyCount "58"]
[EventDate "2013.10.21"]

1. e4 c5 2. Nc3 g6 3. f4 Bg7 4. Nf3 e6 5. d4 cxd4 6. Nxd4 a6 7. Be3 d5 8. e5
Nc6 9. g3 Nh6 10. Bh3 O-O 11. O-O Nf5 12. Bxf5 gxf5 13. a3 f6 14. exf6 Qxf6 15.
Nce2 Na5 16. b3 Bd7 17. Qd2 Qd8 18. Rae1 Rc8 19. Nf3 Bb5 20. Bd4 Bxd4+ 21.
Nfxd4 Bd7 22. Nf3 b5 23. Ned4 Qb6 24. Kh1 Nb7 25. Ne5 Be8 26. Nef3 Nc5 27. Qe3
Rf6 28. b4 Ne4 29. Nxf5 exf5 0-1

[Event "Zanosh 2 IM"]
[Site "Zanosh 2 IM"]
[Date "2013.10.24"]
[Round "6.3"]
[White "Petkovic, Radosav"]
[Black "Zlatanovic, Boroljub"]
[Result "0-1"]
[WhiteElo "2260"]
[BlackElo "2405"]
[PlyCount "24"]
[EventDate "2013.10.21"]

1. c4 g6 2. d4 Bg7 3. e4 d6 4. f3 e5 5. Be3 exd4 6. Bxd4 Nf6 7. Ne2 O-O 8. Na3
c6 9. Nc3 Be6 10. Be2 a6 11. O-O b5 12. Nc2 bxc4 0-1

[Event "Zanosh 2 IM"]
[Site "Zanosh 2 IM"]
[Date "2013.10.24"]
[Round "6.4"]
[White "Rudakov, Aleksandr"]
[Black "Marholev, Dimitar"]
[Result "1-0"]
[WhiteElo "2262"]
[BlackElo "2320"]
[PlyCount "67"]
[EventDate "2013.10.21"]

1. e4 e5 2. Nf3 Nc6 3. d4 Nf6 4. dxe5 Nxe4 5. Bc4 Nc5 6. O-O Be7 7. Nc3 O-O 8.
Nd5 Ne6 9. c3 d6 10. Nxe7+ Nxe7 11. exd6 Qxd6 12. Qxd6 cxd6 13. Rd1 Rd8 14. Bg5
Nxg5 15. Nxg5 d5 16. Bb3 h6 17. Nf3 Bg4 18. Rd3 Rd6 19. Nd4 a6 20. f3 Bd7 21.
Kf2 Ng6 22. Ne2 Bb5 23. c4 Ne5 24. Rxd5 Rxd5 25. cxd5 Nd3+ 26. Kg3 Nxb2 27. Nc3
Rc8 28. Nxb5 axb5 29. Rb1 Nd3 30. Rd1 Nc5 31. Rd4 Rd8 32. Bd1 Ne6 33. dxe6 Rxd4
34. e7 1-0

[Event "Zanosh 2 IM"]
[Site "Zanosh 2 IM"]
[Date "2013.10.24"]
[Round "6.5"]
[White "Cengija, Vanja"]
[Black "Drazic, Sinisa"]
[Result "0-1"]
[WhiteElo "2236"]
[BlackElo "2472"]
[PlyCount "98"]
[EventDate "2013.10.21"]

1. d4 d5 2. c4 e6 3. Nc3 Nf6 4. Nf3 c5 5. cxd5 Nxd5 6. e4 Nxc3 7. bxc3 cxd4 8.
cxd4 Bb4+ 9. Bd2 Bxd2+ 10. Qxd2 O-O 11. Bc4 Nc6 12. O-O b6 13. Rfd1 Bb7 14. Qf4
Qf6 15. Qe3 Rfd8 16. Rac1 Rac8 17. a3 Ne7 18. g3 Qg6 19. Re1 Qh5 20. Ne5 Ng6
21. Nf3 h6 22. Bf1 Qa5 23. Bh3 Rxc1 24. Rxc1 b5 25. Rc5 a6 26. Bg2 Rd7 27. h4
Qd8 28. Bh3 Rc7 29. h5 Nf8 30. Rxc7 Qxc7 31. Bg2 Nd7 32. Kh2 Nf6 33. Ne5 Qxe5
34. dxe5 Ng4+ 35. Kg1 Nxe3 36. fxe3 a5 37. Bf1 b4 38. axb4 axb4 39. Bd3 Kf8 40.
Kf2 Ke7 41. Ke1 Kd7 42. Kd2 Kc6 43. Kc2 Kc5 44. Kb3 Bc6 45. Bc2 Be8 46. Bd1 Bb5
47. Bg4 Bc4+ 48. Kc2 Bf1 49. Bf3 Kc4 0-1

[Event "Zanosh 2 IM"]
[Site "Zanosh 2 IM"]
[Date "2013.10.25"]
[Round "7.1"]
[White "Drazic, Sinisa"]
[Black "Kostic, Vladimir G"]
[Result "1/2-1/2"]
[WhiteElo "2472"]
[BlackElo "2436"]
[PlyCount "35"]
[EventDate "2013.10.21"]

1. f4 d6 2. e4 c5 3. Nf3 a6 4. c4 Nc6 5. Nc3 Bg4 6. Be2 g6 7. d3 Bg7 8. O-O e6
9. Be3 Nge7 10. Qd2 Bxf3 11. Bxf3 Nd4 12. Rae1 Nec6 13. a3 Nxf3+ 14. Rxf3 Nd4
15. Rff1 O-O 16. b4 Qb6 17. Ne2 Nxe2+ 18. Qxe2 1/2-1/2

[Event "Zanosh 2 IM"]
[Site "Zanosh 2 IM"]
[Date "2013.10.25"]
[Round "7.2"]
[White "Marholev, Dimitar"]
[Black "Cengija, Vanja"]
[Result "1/2-1/2"]
[WhiteElo "2320"]
[BlackElo "2236"]
[PlyCount "22"]
[EventDate "2013.10.21"]

1. e4 Nf6 2. e5 Nd5 3. d4 d6 4. Nf3 dxe5 5. Nxe5 c6 6. Bd3 g6 7. O-O Bg7 8. Re1
O-O 9. c3 Nd7 10. Nxd7 Bxd7 11. Bg5 Re8 1/2-1/2

[Event "Zanosh 2 IM"]
[Site "Zanosh 2 IM"]
[Date "2013.10.25"]
[Round "7.4"]
[White "Abolianin, Arthur"]
[Black "Petkovic, Radosav"]
[Result "0-1"]
[WhiteElo "2367"]
[BlackElo "2260"]
[PlyCount "112"]
[EventDate "2013.10.21"]

1. d4 Nf6 2. c4 g6 3. Nc3 Bg7 4. e4 d6 5. f3 Nc6 6. Be3 a6 7. Qd2 O-O 8. O-O-O
Bd7 9. g4 e5 10. Nge2 b5 11. h4 exd4 12. Nxd4 Ne5 13. Be2 bxc4 14. h5 Re8 15.
Bh6 Bh8 16. Rhg1 Rb8 17. hxg6 fxg6 18. f4 Nd3+ 19. Bxd3 cxd3 20. Qxd3 Qe7 21.
Bg5 Qf7 22. e5 dxe5 23. Nf5 Bxf5 24. gxf5 e4 25. fxg6 hxg6 26. Qh3 Rbd8 27.
Rxd8 Rxd8 28. f5 Rd3 29. Be3 Bg7 30. Rxg6 Nd5 31. Qh6 Nxe3 32. f6 Nf5 33. Qg5
Rg3 34. Rxg7+ Qxg7 35. Qxf5 Qg5+ 36. Qxg5+ Rxg5 37. Nxe4 Re5 38. Nc3 Kf7 39.
Kd2 Kxf6 40. Kd3 Rh5 41. Kc4 Ke6 42. b4 Kd6 43. Kb3 Rh3 44. Kc4 Rh4+ 45. Kb3
Ke5 46. Na4 Kd4 47. Nc5 a5 48. Ne6+ Ke5 49. Nxc7 Rxb4+ 50. Ka3 Kd6 51. Nd5 Rh4
52. Nb6 Kc5 53. Na4+ Kb5 54. Nc3+ Kc4 55. Ne2 Rh3+ 56. Ka4 Rh2 0-1

[Event "Zanosh 2 IM"]
[Site "Zanosh 2 IM"]
[Date "2013.10.25"]
[Round "7.5"]
[White "Lukajic, Bojan"]
[Black "Kayar, Mehmet Erdem"]
[Result "1/2-1/2"]
[WhiteElo "2167"]
[BlackElo "2003"]
[PlyCount "33"]
[EventDate "2013.10.21"]

1. e4 c6 2. d4 d5 3. Nc3 dxe4 4. Nxe4 Bf5 5. Ng3 Bg6 6. h4 h6 7. h5 Bh7 8. Nf3
Nd7 9. Bd3 Bxd3 10. Qxd3 e6 11. Bd2 Ngf6 12. O-O-O Be7 13. Ne4 Nxe4 14. Qxe4
Nf6 15. Qe2 Qd5 16. c4 Qe4 17. Be3 1/2-1/2

[Event "Zanosh 2 IM"]
[Site "Zanosh 2 IM"]
[Date "2013.10.27"]
[Round "8.1"]
[White "Kostic, Vladimir G"]
[Black "Kayar, Mehmet Erdem"]
[Result "1-0"]
[WhiteElo "2436"]
[BlackElo "2003"]
[PlyCount "55"]
[EventDate "2013.10.21"]

1. d4 Nf6 2. c4 c5 3. d5 e6 4. Nc3 exd5 5. cxd5 d6 6. Nf3 g6 7. h3 Bg7 8. e4
O-O 9. Bd3 a6 10. a4 Nh5 11. O-O Nd7 12. Be3 Ne5 13. Be2 Nxf3+ 14. Bxf3 Qh4 15.
Bxh5 gxh5 16. Qd2 Bf6 17. f4 Qg3 18. e5 dxe5 19. Ne4 Qg7 20. Nxf6+ Qxf6 21.
fxe5 Qxe5 22. Bxc5 Rd8 23. Qf2 Qxd5 24. Rad1 Qxd1 25. Qxf7+ Kh8 26. Rxd1 Rxd1+
27. Kh2 Bd7 28. Bf8 1-0

[Event "Zanosh 2 IM"]
[Site "Zanosh 2 IM"]
[Date "2013.10.27"]
[Round "8.2"]
[White "Petkovic, Radosav"]
[Black "Lukajic, Bojan"]
[Result "1-0"]
[WhiteElo "2260"]
[BlackElo "2167"]
[PlyCount "59"]
[EventDate "2013.10.21"]

1. e4 c5 2. Nf3 Nc6 3. d4 cxd4 4. Nxd4 Nf6 5. Nc3 e5 6. Ndb5 d6 7. Bg5 a6 8.
Na3 b5 9. Nd5 Be7 10. Nxe7 Nxe7 11. Qf3 Bg4 12. Qg3 Be6 13. Bd3 h6 14. Bd2 Ng6
15. O-O Nh5 16. Qe3 Nhf4 17. Rfd1 Nh4 18. Bf1 Bg4 19. f3 Bh5 20. Qf2 g5 21. Bb4
g4 22. Rxd6 Qg5 23. Rxa6 Nxf3+ 24. Kh1 Rxa6 25. Bxb5+ Kd8 26. Bxa6 Nd4 27. c3
Nh3 28. gxh3 g3 29. hxg3 Bf3+ 30. Kh2 1-0

[Event "Zanosh 2 IM"]
[Site "Zanosh 2 IM"]
[Date "2013.10.27"]
[Round "8.3"]
[White "Rudakov, Aleksandr"]
[Black "Abolianin, Arthur"]
[Result "1-0"]
[WhiteElo "2262"]
[BlackElo "2367"]
[PlyCount "27"]
[EventDate "2013.10.21"]

1. e4 c5 2. Nf3 Nc6 3. Bb5 g6 4. O-O Bg7 5. c3 Qb6 6. Na3 Nf6 7. e5 Ng4 8. d4
cxd4 9. h3 Nh6 10. cxd4 O-O 11. d5 Nb4 12. Be3 Qa5 13. Qd2 a6 14. Bc4 1-0